Microsoft Office Outlook 2003 (رقم التسجيلة. 801)

تفاصيل مارك
000 -الفاتح
حقل البيانات ثابتة الطول 00815cam a2200277Ia 4500
001 - رقم الضبط
رقم الضبط 55136872
003 - محدد رقم الضبط
رقم الضبط OCoLC
005 - وقت وتاريخ اخر تعامل مع التسجيلة
رقم الضبط 20150408113723.0
008 - عناصر البيانات ثابتة الطول - معلومات عامة
حقل البيانات ثابتة الطول 040513s2004 caua 001 0 eng d
015 ## - رقم الببليوجرافية الوطنية
رقم الببليوجرافية الوطنية GBA3-T4480
020 ## - الرقم الدولى المعيارى للكتب
الرقم الدولى المعيارى للكتاب 0072232277
037 ## - مصدر التزويد
رقم المخزون 1230456
مصدر رقم المخزون/ التزويد QBI
040 ## - مصدر الفهرسة
وكالة الفهرسة الأصلية BLP
وكالة النسخ BLP
وكالة التعديل OCLCQ
-- QBX
092 0# - رقم استدعاء ديوى المحلى
رقم التصنيف 005.57
رقم المادة Ou8mm
100 1# - المدخل الرئيسى - إسم شخصى
الإسم الشخصى Matthews, Martin S.
9 (RLIN) 4703
245 10 - بيان العنوان
العنوان Microsoft Office Outlook 2003
بقية العنوان QuickSteps /
بيان المسئوليه,etc Marty Matthews, Kellen Diamanti, Curt Simmons.
260 ## - PUBLICATION, DISTRIBUTION, ETC. (IMPRINT)
مكان الناشر او الموزع New York
اسم الناشر او الموزع McGraw-Hill/Osborne,
تاريخ النشر أو التوزيع c2004.
300 ## - الوصف المادى
تفاصيل ماديه اخرى للوعاء col. ill. ;
أبعاد الوعاء 21 x 26 cm. 0
التعداد Qu
440 ## - بيان السلسلة/مدخل إضافى-العنوان
العنوان In
500 ## - تبصرة عامة
تبصرة عامة Mi
650 ## - المدخل الاضافى بالموضوع-مصطلح موضوعى
مصطلح موضوعي أو اسم جغرافي كعنصر مدخل Microsoft Outlook.
9 (RLIN) 4764
650 ## - المدخل الاضافى بالموضوع-مصطلح موضوعى
مصطلح موضوعي أو اسم جغرافي كعنصر مدخل Time management.
9 (RLIN) 4179
700 ## - المدخل الاضافى - اسم شخصى
الإسم الشخصى Diamanti, Kellen.
9 (RLIN) 4765
700 ## - المدخل الاضافى - اسم شخصى
التواريخ المصاحبة للاسم 1968-\\
الإسم الشخصى Simmons, Curt
9 (RLIN) 4766
942 ## - عناصر المدخل الإضافي( كوها)
مصدر التصنيف او مخطط الترفيف Dewey Decimal Classification
Koha [default] item type كتاب
المقتنيات
حالة الفقد نموذج السعر الفعال حالة تلف ليس للاعارة رقم الطلب تاريخ الاكتساب الموقع الحالي الباركود الفرع الرئيسي Date last seen نوع المادة فى نظام كوها مصدر التصنيف او خطة الترفيف Total Checkouts Total Renewals Date last checked out
  2013-03-10     005.57 M M M 2011-09-21 المكتبة المركزية بالمجمعة (CL) 00047792 المكتبة المركزية بالمجمعة (CL) 2013-03-10 كتاب Dewey Decimal Classification      
  2013-03-10     005.57 M M M 2011-09-22 المكتبة المركزية بالمجمعة (CL) 00047789 المكتبة المركزية بالمجمعة (CL) 2016-10-09 كتاب Dewey Decimal Classification 1 1 2016-01-11
  2013-03-10     005.57 M M M 2011-09-22 المكتبة المركزية بالمجمعة (CL) 00047791 المكتبة المركزية بالمجمعة (CL) 2013-03-10 كتاب Dewey Decimal Classification